000 00459nam a2200181Ia 4500
008 230917s9999||||xx |||||||||||||| ||und||
020 _cRS250
040 _e234661
_aMAIN
041 _aEnglish
082 _a709.54 S19B(9)
100 _ashaya, Shivswarup
245 0 _aBhartiya kala
250 _a9th ed.
260 _aAllahabad
_bStudent Friends
_c2016
300 _a309 p.
500 _a2390 22/09/2016 HBD16/6703 07/11/2016 Main Budget
942 _cBK
999 _c19209
_d19209